000 00470nam a2200193Ia 4500
005 20240823015626.0
008 240823s9999||||xx |||||||||||||| ||und||
020 _a981-240-226-8
041 _aENGLISH
082 _A511.3 P3
100 _a"Sipser,Michael"
245 0 _aIntroduction to the Theory of Computation
250 _a1st
260 _c2003
_b"Thomson,L"
500 _aTRANSFERED
650 _aComputation
_bMathematics
942 _cBK
999 _c172862
_d172862